Nomes femininos mais usados em Portugal - Statistics

Estatísticas Gerais
  • Esse quiz foi jogado 712 vezes
  • A pontuação média é 9 de 20
Estatísticas das Respostas
Hint Resposta % Correto
12. Maria
99%
1. Ana
89%
3. Beatriz
74%
13. Mariana
70%
8. Inês
64%
4. Carolina
62%
19. Sofia
57%
5. Catarina
56%
17. Rita
56%
11. Leonor
50%
14. Matilde
47%
10. Laura
41%
9. Júlia
34%
6. Clara
29%
7. Helena
26%
18. Sandra
26%
16. Raquel
25%
15. Olívia
9%
2. Amanda
6%
20. Valentina
6%
Nenhum quiz correspondente encontrado
Distribuição das Pontuações
Porcentagem de Pessoas com Cada Pontuação
Percentil de Números Respondidos
Sua Pontuação Histórica
Você não jogou esse quiz